SURVEYING AND LEVELLING (Record no. 5363)

MARC details
000 -LEADER
fixed length control field 00388nam a22001697a 4500
005 - DATE AND TIME OF LATEST TRANSACTION
control field 20170401122743.0
008 - FIXED-LENGTH DATA ELEMENTS--GENERAL INFORMATION
fixed length control field 170401b xxu||||| |||| 00| 0 eng d
020 ## - INTERNATIONAL STANDARD BOOK NUMBER
ISBN 978-93-329-0404-4
041 ## - LANGUAGE CODE
Language code of text/sound track or separate title eng
100 ## - MAIN ENTRY--AUTHOR NAME
Personal name BASAK,N.N
245 ## - TITLE STATEMENT
Title SURVEYING AND LEVELLING
250 ## - EDITION STATEMENT
Edition statement 2nd
260 ## - PUBLICATION, DISTRIBUTION, ETC. (IMPRINT)
Name of publisher MCGRAW HILL
Year of publication 2014
300 ## - PHYSICAL DESCRIPTION
Number of Pages 582
650 ## - SUBJECT ADDED ENTRY--TOPICAL TERM
Topical Term ENGINEERING
942 ## - ADDED ENTRY ELEMENTS (KOHA)
Koha item type Books
Holdings
Lost status Damaged status Home library Current library Shelving location Date acquired Source of acquisition Cost, normal purchase price Accession Number Koha item type Collection code
    JRU Library   SHELF-76-D 30/04/2017 PURCHASE 450.00 21554 Books  
    JRU Library JRU Library SHELF-59-E 30/04/2017 PURCHASE 450.00 21555 Books MINING